Szczegóły MARC21

Système de "si" en français moderne : esquisse d'une approche cognitive /

003 -Nazwa inst., której nr kontr. jest w polu 001 [,]
    • @
    • Nazwa instytucji, której n kontrolny jest w polu 001
    • NUKAT
005 -DATA I CZAS OSTATNIEJ MODYFIKACJI [,]
    • @
    • pole kontrolne
    • 20241231113104.0
020 -Międzynarod. znormalizowany nr książki - ISBN [ , ]
    • a
    • Numer ISBN
    • 832260937X Find
040 -Instytucja sporządzająca opis [ , ]
    • a
    • Instytucja, która sporządziła opis (NP)
    • NUKAT
    • c
    • Instytucja, która sporządziła rekord (NP)
    • WA U/BM
    • d
    • Instytucja, która zmodyfikowała rekord (P)
    • WA U/IJG
    • d
    • Instytucja, która zmodyfikowała rekord (P)
    • Ł U/ar
041 -Język dokumentu [0, ]
    • a
    • Język tekstu (P)
    • francuski
    • b
    • Język streszczeń lub abstraktu (P)
    • angielski
    • b
    • Język streszczeń lub abstraktu (P)
    • polski
942 -Rodzaj dokumentu [ , ]
    • c
    • Rodzaj dokumentu
    • Książka
100 -Hasło główne - nazwa osobowa [1, ]
    • a
    • Nazwa osobowa (NP)
    • Banyś, Wiesław
    • d
    • Daty biograficzne (NP)
    • (1951- ).
    • 9
    • KHW
    • 11163
245 -Strefa tytułu i oznaczenia odpowiedzialności [1,0]
    • a
    • Tytuł
    • Système de "si" en français moderne : Find
    • b
    • Ciąg dalszy tytułu (NP)
    • esquisse d'une approche cognitive / Find
    • c
    • Pozostałe elementy strefy tytułu i oznaczenia odpowiedzialności (NP)
    • Wiesław Banyś.
260 -Strefa adresu wydawniczego [ , ]
    • a
    • Miejsce wydania (P)
    • Katowice :
    • b
    • Nazwa wydawcy (P)
    • Wydaw. UŚ,
    • c
    • Data wydania (P)
    • 2000.
300 -Strefa opisu fizycznego [ , ]
    • a
    • Określenie formy książki i/lub objętość (NP)
    • 406 s. ;
    • c
    • Format (NP)
    • 23 cm.
336 -Typ zawartości [ , ]
    • a
    • Termin opisujący typ zawartości
    • Tekst
    • b
    • Kod określający zawartość
    • txt
    • 2
    • Źródło (terminu i kodu)
    • rdacontent
337 -Typ mediów [ , ]
    • a
    • Tryb odtwarzania
    • Bez urządzenia pośredniczącego
    • b
    • Kod typu mediów
    • n
    • 2
    • Źródło (terminu i kodu)
    • rdamedia
338 -Typ/rodzaj nośnika [ , ]
    • a
    • Hasło opisujące typ nośnika
    • Wolumin
    • b
    • Kod typu nośnika
    • nc
    • 2
    • Źródło (terminu i kodu)
    • rdacarrier
490 -Strefa serii i książki wielotomowej - forma nie do wyszukiwania [1, ]
    • a
    • Tytuł (P)
    • Prace Naukowe Uniwersytetu Śląskiego w Katowicach, Find
    • x
    • ISSN (NP)
    • 0208-6336 ;
    • v
    • Numeracja (P)
    • nr 1835
830 -Hasło dodatkowe serii i opisu książki wielotomowej - tytuł ujednolicony/tytuł [ ,0]
    • a
    • Tytuł ujednolicony/tytuł (NP)
    • Prace Naukowe Uniwersytetu Śląskiego w Katowicach
    • x
    • ISSN
    • 0208-6336
    • v
    • Oznaczenie tomu (NP)
    • nr 1835
    • 9
    • KHW
    • 59
504 -Uwaga dot. bibliogr. załącznikowej [ , ]
    • a
    • Uwaga dot. bibliografii załącznikowej
    • Bibliogr. s. 350-382. Indeksy.
546 -Uwaga dot. języka [ , ]
    • a
    • Uwaga dot. języka
    • Streszcz. ang., pol.
080 -Uniwersalna Klasyfikacja Dziesiętna [ , ]
    • a
    • Symbol klasyfikacji
    • 801.52=40
080 -Uniwersalna Klasyfikacja Dziesiętna [ , ]
    • a
    • Symbol klasyfikacji
    • :801.54=40
080 -Uniwersalna Klasyfikacja Dziesiętna [ , ]
    • a
    • Symbol klasyfikacji
    • :16=40
650 -Hasło przedmiotowe [ ,7]
    • a
    • Hasło przedmiotowe
    • Język francuski
    • x
    • Określnik rzeczowy
    • składnia.
    • 2
    • Źródło terminu
    • kaba
    • 9
    • KHW
    • 113122
650 -Hasło przedmiotowe [ ,7]
    • a
    • Hasło przedmiotowe
    • Język francuski
    • x
    • Określnik rzeczowy
    • gramatyka.
    • 2
    • Źródło terminu
    • kaba
    • 9
    • KHW
    • 113087
980 -Symbol UKD [ , ]
    • a
    • UKD
    • 801.52:801.54:16]=40
710 -Hasło dodatkowe - nazwa ciała zbiorowego [2, ]
    • a
    • Nazwa ciała zbiorowego lub nazwa geograficzna jako pierwszy element (NP)
    • Uniwersytet Śląski (Katowice).
    • b
    • Nazwa jednostki podrzędnej (P)
    • Wydawnictwo.
    • 4
    • Kod relacji
    • pbl
    • 9
    • KHW
    • 52826
920 -ISBN [ , ]
    • a
    • ISBN
    • 83-226-0937-X Find
Numer inwentarzowy Data inwentaryzacji Status udost. Lokalizacja Sygnatura
A.62102001-09-031BMFR. Językoznawstwo 07